000
00263nam a2200109Ia 4500
008
190216s9999||||xx |||||||||||||| ||und||
100
_a
Zamyatin
245
0
_a
Ideological Struggle And Question Of Peace
260
_b
Novosti Pub
650
_a
History
942
_c
BK
999
_c
19702
_d
19702